Central Library OPAC University of Rajshahi

Fire insurance law / (Record no. 4981)

MARC details
000 -LEADER
fixed length control field 00781nam a2200265 a 4500
001 - CONTROL NUMBER
control field 4981
003 - CONTROL NUMBER IDENTIFIER
rucl marc code BD-RjUL
005 - DATE AND TIME OF LATEST TRANSACTION
control field 20211208234005.0
008 - FIXED-LENGTH DATA ELEMENTS--GENERAL INFORMATION
fixed length control field 160816s1962 enk 001 0 eng
035 ## - SYSTEM CONTROL NUMBER
System control number (BD-RjUL)5017
System control number (OCoLC)17286413
040 ## - CATALOGING SOURCE
Original cataloging agency DLC
Transcribing agency IUB
Modifying agency Uk
-- DLC
-- BD-RjUL
Language of cataloging eng
041 ## - LANGUAGE CODE
Language code of text/sound track or separate title eng
082 00 - DEWEY DECIMAL CLASSIFICATION NUMBER
Classification number 368.102642
Author mark and year TAF 1962
Edition number 23
100 10 - MAIN ENTRY--PERSONAL NAME
Personal name Taylor, Herbert
Dates associated with a name 1908-
9 (RLIN) 15259
245 10 - TITLE STATEMENT
Title Fire insurance law /
Statement of responsibility, etc. by Herbert Taylor
250 ## - EDITION STATEMENT
Edition statement 2d ed.
260 ## - PUBLICATION, DISTRIBUTION, ETC. (IMPRINT)
Place of publication, distribution, etc. London :
Name of publisher, distributor, etc. Pitman,
Date of publication, distribution, etc. 1959 [repriented 1962]
300 ## - PHYSICAL DESCRIPTION
Pagination xxii, 133 p.
Size 23 cm.
410 20 - SERIES STATEMENT/ADDED ENTRY--CORPORATE NAME [OBSOLETE, CAN/MARC], [LOCAL, USA]
Corporate name or jurisdiction name as entry element Chartered Insurance Institute.
Title of a work Insurance handbook
Volume number/sequential designation no. 2
500 ## - GENERAL NOTE
General note Includes index.
650 #0 - SUBJECT ADDED ENTRY--TOPICAL TERM
Topical term or geographic name as entry element Fire insurance
Geographic subdivision Great Britain.
9 (RLIN) 15132
942 ## - ADDED ENTRY ELEMENTS (KOHA)
Source of classification or shelving scheme Dewey Decimal Classification
Koha item type Books
Holdings
Lost status Source of classification or shelving scheme Damaged status Not for loan Collection code Permanent Location Current Location Shelving location Date acquired Source of acquisition Cost, normal purchase price Total Checkouts Full call number Date last seen Copy number Koha item type
  Dewey Decimal Classification   Not For Loan Non-fiction Central Library, University of Rajshahi Central Library, University of Rajshahi   26/08/1961 Mirga books 22.50   368.102642 TAF 1962 24/12/2013 C-1 Books
  Dewey Decimal Classification     Non-fiction Central Library, University of Rajshahi Central Library, University of Rajshahi   26/08/1961 Mirga books 22.50   368.102642 TAF 1962 16/08/2016 C-2 Books
  Dewey Decimal Classification     Non-fiction Central Library, University of Rajshahi Central Library, University of Rajshahi   26/08/1961 Mirga books 22.50   368.102642 TAF 1962 16/08/2016 C-3 Books